Historia mínima de Estados Unidos de América /

Detalles Bibliográficos
Autor principal: Pani, Erika (Autor)
Formato: Electrónico eBook
Lenguaje:español
Publicado: Ciudad de México, México : El Colegio de México, 2025.
Edición:Segunda edición electrónica.
Colección:Historia mínima (Mexico City, Mexico)
Materias:
Acceso en línea:Digitalia Hispánica

MARC

LEADER 00000nam a2200000Ii 4500
001 DIGCOLMX0606
003 NyNyDIG
006 m o d
007 cr |||||||||||
008 251202s2025 mx ab o 000 0 spa d
035 |a (OCoLC)1564634632 
040 |a DGITA  |b eng  |e rda  |e pn  |c DGITA 
020 |a 9786075647333  |q electrónico 
020 |z 9786075646718  |q impreso 
050 1 4 |a E178 ebook 
100 1 |a Pani, Erika,  |e author. 
245 1 0 |a Historia mínima de Estados Unidos de América /  |c Erika Pani. 
250 |a Segunda edición electrónica. 
264 1 |a Ciudad de México, México :  |b El Colegio de México,  |c 2025. 
300 |a 1 online resource :  |b illustrations, maps. 
336 |a text  |b txt  |2 rdacontent 
337 |a computer  |b c  |2 rdamedia 
338 |a online resource  |b cr  |2 rdacarrier 
347 |a text file  |2 rdaft 
347 |b EPUB 
490 1 |a Historia mínima 
588 0 |a Online resource; title from ePub title page (Digitalia, viewed December 2, 2025) 
651 0 |a United States  |x History. 
776 0 8 |i Print version:  |a Pani, Erika.  |t Historia mínima de Estados Unidos de América.  |b Segunda edición impresa, revisada y actualizada.  |d Ciudad de México, México : El Colegio de México, 2025  |z 9786075646718 
791 2 |a Digitalia (Firm),  |e distributor. 
793 0 |g Digitalia eBook Collection:  |a El Colegio de México 
830 0 |a Historia mínima (Mexico City, Mexico) 
856 4 0 |3 Digitalia Hispánica  |u https://www.digitaliapublishing.com/a/180840/ 
910 |a Premium collection: 2025